|
|
|
|
| LEADER |
00000nam a2200000Ii 4500 |
| 001 |
DIGLOM16171 |
| 003 |
NyNyDIG |
| 006 |
m o d |
| 007 |
cr ||||||||||| |
| 008 |
120230s2010 cl o 001 p spa d |
| 020 |
|
|
|z 9789560002099
|
| 020 |
|
|
|z 9560002090
|
| 035 |
|
|
|a (OCoLC)888271540
|
| 040 |
|
|
|a DGITA
|b eng
|e pn
|c DGITA
|
| 043 |
|
|
|a s-cl---
|
| 050 |
1 |
4 |
|a PQ8098.32.I35 eBook
|
| 100 |
1 |
|
|a Vicuña Ramírez, Cecilia,
|d 1948-
|
| 245 |
1 |
0 |
|a Soy Yos :
|b antología, 1966-2006 /
|c Cecilia Vicuña ; selección de la autora con Naín Nómez.
|
| 250 |
|
|
|a 1. ed.
|
| 264 |
|
1 |
|a Santiago de Chile, Chile :
|b LOM Ediciones,
|c 2010.
|
| 300 |
|
|
|a 1 online resource (148 pages)
|
| 336 |
|
|
|a text
|b txt
|2 rdacontent
|
| 337 |
|
|
|a computer
|b c
|2 rdamedia
|
| 338 |
|
|
|a online resource
|b cr
|2 rdacarrier
|
| 490 |
1 |
|
|a Colección Entre Mares. [Poesia]
|
| 520 |
|
|
|a Esta antología recoge poemas de: Saborami (Londres, 1973, México, 1983), Palabrarmas (Buenos Aires, 1984), La Wik'uña (Chile, 1990), Samara/El Templo (Roldanillo, 1987, Nueva York, 2001), Palabra e Hilo (Edimburgo, 1996), Cloud-Net (Nueva York, 1999), Instan / I tu (Berkeley, 2002 / Buenos Aires, 2004), con 5 poemas no recogidos en libro.
|
| 650 |
|
0 |
|a Chilean poetry
|y 21th century
|
| 655 |
|
0 |
|a Electronic books.
|
| 700 |
1 |
|
|a Nómez, Naín,
|d 1944-
|
| 791 |
2 |
|
|a Digitalia (Firm),
|e distributor.
|
| 830 |
|
0 |
|a Entre mares.
|p Poesía
|
| 793 |
0 |
|
|g Digitalia eBook Collection:
|a LOM Ediciones
|
| 856 |
4 |
0 |
|3 Digitalia Hispánica
|u https://www.digitaliapublishing.com/a/13185/
|
| 910 |
|
|
|a Premium Collection: 2007-2012
|